Samochody Rosyjskie - Statystyki

Ogólne statystyki
  • Ten quiz został rozwiązany 52 razy
  • Średni wynik to 3 z 8
Statystyki odpowiedzi
Samochody % Poprawnych
Łada
98%
UAZ
65%
Kamaz
46%
GAZ
43%
ZIŁ
43%
Moskwicz
35%
Aurus
4%
Marussia
2%
Nie znaleziono quizów pasujących do podanych kryteriów
Rozkład punktacji
Procent ludzi z każdym wynikiem
Percentyl według liczby udzielonych odpowiedzi
Twoja historia wyników
Nie rozwiązałeś tego quizu